000 01383nam a22003737a 4500
001 050021434
003 DO-SdBNP
005 20260115114908.0
007 050021434
008 161202b2000 sp a ||||| |||| 00| 0 spa d
020 _a9580423784
040 _aBPMSU
_bspa
_cBPMSU
082 4 _a823.8
_bW671c 2000
_222
100 1 _aWilde, Oscar,
_d1854-1900.
_4aut.
_eautor
245 1 0 _aCuentos de Oscar Wilde /
_ctraducción de María del Mar Ravassa G. ; ilustraciones de Patricia Rodríguez.
250 _a
264 _aBogotá, Colombia :
_bNorma,
_c2000.
300 _a126 ppaginas :
_bilustraciones ;
_c19 cm.
336 _atexto
_btxt
_2rdacontent
337 _asin mediación
_bn
_2rdamedia
338 _avolumen
_bnc
_2rdacarrier
490 0 _aTorre de papel ;
_aTorre amarilla
500 _aA partir de 11 años
505 0 _tEl ruiseñor y la rosa --
_tEl príncipe feliz --
_tEl cohete extraordinario --
_tEl joven rey --
_tEl amigo fiel --
_tEl gigante egoísta.
590 _aInvetariado, 2026/VM
650 7 _aCuentos juveniles ingleses
650 7 _aPríncipes
_vCuentos juveniles.
650 7 _aGigantes
_vCuentos juveniles.
650 7 _aAves
_vCuentos juveniles.
700 1 _aRavassa G., María del Mar,
_etraductor
700 1 _aRodríguez, Patricia,
_eilustración
910 _aVMateo V. Control de calidad BPMSU
942 _2ddc
_cBK
999 _c12245
_d12245